=LDR 00000nam 2200000 4500 =001 INLIS000000000025225 =005 20130612123742 =008 ***********************************Ind** =035 ##$$0010-061300000025225 =041 ##$$a Ind =082 ##$$a 310 =090 ##$$a 310, Walp =100 ##$$a Walpole, Ronald E =245 ##$$a Pengantar statistika, Ronald E Walpole =260 ##$$a 1997 $b Jakarta =300 ##$$a 515 hlm, ilus, 21 cm =650 ##$$a Statistik =850 ##$$a NBPNMAT